| 000 | 00591nam a2200181Ia 4500 | ||
|---|---|---|---|
| 003 | GCL | ||
| 008 | 140319s9999 xx 000 0 ara d | ||
| 040 |
_aGCL / _cGCL |
||
| 082 | 0 | 4 |
_a219.3 _bح ت |
| 100 | 1 | _aحيدر ابراهيم على | |
| 245 | 1 | 0 |
_aالتيارات الاسلامية وقضية الديمقراطية / _cحيدر ابراهيم على |
| 300 | _a391 ص | ||
| 490 |
_aالهيئة العامة للاستعلامات _v0 |
||
| 650 | 0 | 4 | _aالاسلام |
| 650 | 0 | 4 | _aالاسلام والدولة |
| 650 | 0 | 4 | _aالحركات الاسلامية |
| 942 |
_2ddc _cBK |
||
| 999 |
_c48948 _d48948 |
||